Bridges of Durham - Statistics

General Stats
  • This quiz has been taken 20 times
  • The average score is 4 of 8
Answer Stats
Picture Answer % Correct
Elvet Bridge
92%
Prebends Bridge
77%
Framwellgate Bridge
54%
Kingsgate Footbridge
54%
New Elvet Bridge
46%
Millburngate Bridge
31%
Baths Bridge
23%
Pennyferry Bridge
15%
No matching quizzes found
Score Distribution
Percent of People with Each Score
Percentile by Number Answered
Your Score History
You have not taken this quiz